000 01306nam0a2200325 4500
001 RU\NLR\ONL1\20886
005 20250613223059.0
035 _a(NLR Aleph) 010206610
090 _a10255085
_c10255085
100 _a20121015d1932 |||y0rusy50 ca
101 0 _akom
102 _aRU
105 _ay |||||||||
135 _acrmn mmmanaba
200 1 _aВойвыв край овмöс йылысь очеркъяс
_eйесьтественно-природнöй озырлун
_fС. А. Селезьнев
210 _aСыктывкар
_cКоми гиз
_d1932
215 _a42 с.
_d22
325 1 _aКопия доступна в электронной библиотеке РНБ
541 1 _aОчерки хозяйства Северного Края
_zrus
686 1 _aУ9(2Р-6Ко)7-1
700 1 _aСелезнев
_bС. А.
_4070
801 0 _aRU
_bNLR
_c20121015
_gPSBO
852 _aNLR
_bОНЛ
_jКоми-з./3-1678
901 _eКнижные издания: ОНЛ
942 _cBOOK
980 _aNB
981 2 3 _a(23) Национальные литературы
_b(23) Книги на национальных языках